[Event "Monte Estoril op"]
[Site "Monte Estoril"]
[Date "2003.12.07"]
[Round "2"]
[White "Ferreira, Carlos Gomes"]
[Black "Cortinhas, Mariana Santos"]
[Result "0-1"]
[WhiteElo "1500"]
[BlackElo "1603"]
[PlyCount "110"]
[EventDate "2003.12.06"]
[EventType "swiss"]
[EventRounds "2"]
[EventCountry "POR"]
[SourceTitle "EXT 2005"]
[Source "ChessBase"]
[SourceDate "2004.11.15"]
[SourceVersion "1"]
[SourceVersionDate "2004.11.15"]
[SourceQuality "1"]

1. e4 e6 2. d4 d5 3. Nc3 Bb4 4. Nge2 Ne7 5. e5 c5 6. a3 Bxc3+ 7. Nxc3 cxd4 8. Qxd4 Nbc6 9. Bb5 0-0 10. Bxc6 Nxc6 11. Qd3 Nxe5 12. Qg3 Ng6 13. h4 Ne7 14. Bg5 f6 15. Bd2 Nf5 16. Qf3 Nd4 17. Qd3 e5 18. 0-0-0 Bf5 19. Qg3 Rc8 20. Bh6 Qc7 21. Rd2 Rf7 22. f4 Bxc2 23. Rxc2 Nxc2 24. Kxc2 d4 25. fxe5 dxc3 26. bxc3 Qxe5 27. Qxe5 fxe5 28. Be3 a6 29. Re1 Rc4 30. h5 Rh4 31. h6 gxh6 32. Bc5 Rh2 33. Rxe5 Rxg2+ 34. Kb3 Rc7 35. Bb6 Rc6 36. Bd4 Rg5 37. Re8+ Kf7 38. Rh8 Kg6 39. Rg8+ Kh5 40. Rh8 Rc7 41. a4 Kg4 42. c4 h5 43. Re8 h4 44. Bf6 Rf5 45. Re4+ Rf4 46. Re8 Rxf6 47. Re4+ Rf4 48. Re8 Rfxc4 49. Rg8+ Kf3 50. Rf8+ Rf4 51. Rd8 h3 52. Rd3+ Kg2 53. Rd2+ Rf2 54. Rd5 Kg1 55. Rg5+ Rg2 0-1